[Event "8th RTU Open 2018"]
[Site "Riga"]
[Date "2018.08.08"]
[Round "4"]
[White "Povilaitis, Tomas"]
[Black "Pechac, Jergus"]
[Result "0-1"]
[WhiteElo "1804"]
[BlackElo "2431"]
[Annotator "TA"]
[PlyCount "90"]
[EventDate "2018.08.06"]
[EventType "swiss"]
[EventCountry "LAT"]
[SourceTitle "playchess.com"]
[Source "ChessBase"]
[SourceQuality "1"]

{[%evp 9,90,10,32,0,0,-12,-2,-17,-29,-27,-27,-48,-4,-17,-12,-14,-5,-6,0,-40,0,0,-19,-134,-134,-134,-135,-129,-131,-157,-159,-155,-156,-156,-162,-165,-165,-159,-143,-147,-143,-175,-167,-174,-159,-168,-155,-202,-173,-182,-182,-166,-166,-166,-166,-185,-171,-224,-190,-371,-360,-345,-351,-363,-320,-425,-425,-631,-628,-618,-431,-616,-597,-702,-675,-774,-767,-761,-738,-745,-737,-724,-709]} 1. e4 e5 2. Nf3 Nf6 3. Nc3 Nc6 4. Bb5 Bd6 5. d3 h6 {LiveBook: 128 Games} 6. Bxc6 {C48: Four Knights: 4 Bb5, replies other than 4...Bb4} (6. Ne2 a6 7. Ba4 b5 8. Bb3 Na5 9. d4 Nxb3 10. axb3 Nxe4 11. dxe5 Bc5 12. Qd5 Bxf2+ 13. Kf1 {½-½ (49) Inarkiev,E (2689)-Svidler,P (2765) St Petersburg 2017}) 6... dxc6 7. h3 Qe7 $146 ({Predecessor:} 7... O-O 8. O-O Be6 9. Be3 Re8 10. Qd2 Qd7 11. Rad1 Nh5 12. Ne2 f5 13. exf5 Bxf5 {0-1 (41) Paliy,M (1237)-Rosmait,E (1253) Oberhof 2011}) 8. Qe2 {The position is equal.} Be6 9. Bd2 Nd7 {[%cal Bf6d7,Bd7b6,Bb6c4][%mdl 32]} 10. d4 exd4 11. Nxd4 O-O-O 12. O-O-O Nb6 13. Nxe6 Qxe6 14. Qg4 Qxg4 15. hxg4 Nc4 16. Ne2 {[#]} (16. Nb1 $11) 16... Bc5 $1 $17 17. Rhf1 Rhe8 ({Reject} 17... Rxd2 $6 18. Rxd2 Nxd2 19. Kxd2 $15) 18. Ng3 Bd6 19. Bc3 Bf4+ 20. Kb1 Bxg3 21. Rxd8+ Kxd8 22. fxg3 {[%mdl 4096] Endgame KRB-KRN} f6 ({Don't take} 22... Rxe4 23. Rxf7 Re2 24. a4 $15) 23. Re1 Kd7 24. Kc1 Ne5 25. Bxe5 Rxe5 {KR-KR} ({Not} 25... fxe5 26. Kd2 $11) 26. Kd2 Ra5 27. a3 Rb5 28. b4 Rg5 29. Ke3 Rxg4 30. Kf3 Rg5 31. Rd1+ Ke7 32. c4 b6 33. Kf4 (33. Rc1 {keeps fighting.}) 33... a6 {[%cal Ba7a6,Ba6a5][%mdl 32]} 34. a4 $2 (34. g4) 34... a5 $19 35. b5 Rc5 36. Rd4 Ke6 37. g4 cxb5 {Black is clearly winning.} 38. cxb5 (38. axb5 $142 a4 39. Ke3) 38... Rc3 {[%csl Gf6,Gh6][%cal Rg7g5] [#]} 39. g5 fxg5+ 40. Kg4 Kf6 41. Kh5 Rc2 42. Rd7 Rxg2 {( -> ...g6+)} 43. e5+ Kxe5 44. Rxc7 Rh2+ 45. Kg4 Rh4+ {Precision: White = 37%, Black = 89%.} 0-1

[Event "8th RTU Open 2018"]
[Site "Riga"]
[Date "2018.08.09"]
[Round "6"]
[White "Kovalenko, Igor"]
[Black "Petrosyan, Manuel"]
[Result "1-0"]
[WhiteElo "2641"]
[BlackElo "2567"]
[Annotator "TA"]
[PlyCount "135"]
[EventDate "2018.08.06"]
[EventType "swiss"]
[EventCountry "LAT"]
[SourceTitle "playchess.com"]
[Source "ChessBase"]
[SourceQuality "1"]

{[%evp 18,135,0,0,6,0,0,0,0,0,0,0,0,0,12,0,17,7,12,3,9,9,26,28,31,19,11,20,54,10,11,8,17,13,8,0,10,16,10,16,19,7,104,104,99,85,182,178,168,178,177,170,157,148,181,113,131,144,140,140,140,134,133,147,138,131,176,182,165,146,231,215,241,241,231,203,360,342,5755,29965,2043,414,493,467,383,401,409,376,585,540,771,762,845,802,1337,866,1682,1420,1790,1668,2019,1981,2152,1890,1451,965,2581,2331,12265,12265,11537,11537,29977,29978,29972,29974,29982,29983,29983,29984]} 1. Nf3 d5 2. d4 Nf6 3. c4 e6 4. Nc3 Be7 5. Bg5 O-O 6. e3 h6 7. Bxf6 Bxf6 8. Rc1 c6 9. h3 {D55: Damengambit (Hauptvariante, Abweichungen - Alte Lasker-Variante, etc.)} Nd7 10. a3 {LiveBook: 3 Partien} Qe7 $146 ({Vorgänger:} 10... dxc4 11. Bxc4 c5 12. Ne4 cxd4 13. Nxf6+ Nxf6 14. Qxd4 b6 15. Be2 Bb7 16. Qa4 Ne4 {1-0 (37) Nikolic,P (2638)-Pavlovic,M (2531) Valjevo 2012}) 11. cxd5 {Die Stellung ist ausgeglichen.} exd5 12. Bd3 Rd8 13. O-O Nf8 14. b4 a5 15. Qb3 axb4 16. axb4 b5 17. Ne2 Qd6 18. Qc3 Bd7 19. Ne5 Rdc8 20. Ng3 g6 21. Ra1 Be7 22. Rfc1 Ra4 23. Nxd7 (23. Rxa4 {feels hotter.} bxa4 24. Bc2 Ra8 25. Nd3 Qb8 26. Ra1) 23... Rxa1 24. Qxa1 Qxd7 25. Qc3 Qb7 $1 26. Ne2 Nd7 27. Nf4 $36 {[%mdl 2048] Sxd5! ist eine echte Drohung. Weiss hat Druck.} Nb6 28. Qc2 {Und weiter mit Lxg6! wäre nett.} Bf6 29. Ra1 Nc4 (29... Bg7 $11) 30. Bxg6 $1 $16 fxg6 31. Qxg6+ Bg7 (31... Qg7 $16) 32. Qe6+ $1 $18 Kh7 33. Qf5+ $1 Kg8 {[#]} 34. Ra7 $1 {[%cal Ra7b7][%mdl 512]} Qxa7 35. Qxc8+ Kh7 36. Qf5+ ({Günstiger ist} 36. Qxc6 $18 Qa1+ 37. Kh2) 36... Kg8 37. Qe6+ $1 Qf7 {Weiss muss nun ...Dxe6 beachten.} 38. Qxc6 Bxd4 {Mit der Idee ...Sxe3!} 39. Nxd5 ({Viel schlechter ist} 39. exd4 $6 Qxf4 40. Qxd5+ Kg7 $11) 39... Bg7 40. Qxb5 Nd6 41. Qd3 Qb7 42. f4 Kf7 43. Kf2 Ke6 {[#]} (43... Qd7 $16 44. e4 Nb5) 44. e4 $1 Qa7+ 45. Kf3 Bd4 {[#]} 46. Qa6 $1 Qf7 $2 (46... Qxa6 {ist wohl besser.} 47. Nc7+ Ke7 48. Nxa6 Bb2) 47. g4 Qh7 $2 (47... Qd7 48. h4 h5) 48. f5+ Ke5 49. Nf4 (49. Qe2 $142 {[%cal Re2h2]} Ba1 50. Qh2+ Kd4 51. Qxd6) 49... Qc7 50. Qa5+ Qxa5 51. Ng6+ ({Weniger gut wäre} 51. bxa5 Nc4 $18) 51... Kf6 {( -> ...Da3+)} 52. bxa5 {[%cal Bb4a5,Ba5a6][%mdl 32]} Nc4 (52... Bc3 $142 53. a6 Nb5) 53. a6 Ba7 54. Ke2 h5 55. Kd3 hxg4 56. hxg4 Ne3 57. e5+ Kg5 58. Ke4 Nxg4 59. Ne7 Bg1 60. Kd5 Kf4 61. e6 Nf6+ 62. Kc6 Ke5 63. Nc8 Kxf5 64. Nb6 Ng8 65. a7 {Weiß setzt Matt.} Ne7+ 66. Kb7 Bxb6 67. Kxb6 Nc8+ 68. Kc5 {Precision: Weiß = 85%, Schwarz = 36%.} 1-0

[Event "8th RTU Open 2018"]
[Site "Riga"]
[Date "2018.08.09"]
[Round "6"]
[White "Bluebaum, Matthias"]
[Black "Vaishali R"]
[Result "1/2-1/2"]
[WhiteElo "2637"]
[BlackElo "2294"]
[Annotator "TA"]
[PlyCount "82"]
[EventDate "2018.08.06"]
[EventType "swiss"]
[EventCountry "LAT"]
[SourceTitle "playchess.com"]
[Source "ChessBase"]
[SourceQuality "1"]

{[%evp 18,82,42,41,44,36,54,14,54,55,67,75,109,56,94,99,133,74,77,59,60,50,126,126,146,164,161,143,143,118,110,124,143,149,158,143,152,160,152,152,243,237,251,230,239,239,232,228,231,233,212,222,251,165,266,250,325,8,8,31,56,0,0,0,47,0,0]} 1. d4 Nf6 2. c4 e6 3. Nf3 d5 4. g3 Bb4+ 5. Bd2 Bd6 6. Bg2 {E01: Katalanisch} O-O 7. O-O c6 8. Nc3 Nbd7 9. Qb3 dxc4 10. Qxc4 {LiveBook: 6 Partien} e5 11. Rad1 Qe7 12. Qb3 Re8 13. Qc2 $146 h6 14. e4 b5 15. h3 ({Günstiger ist} 15. Ne2 $16) 15... a5 16. Rfe1 Ba6 17. Kh2 ({Besser ist} 17. Be3) 17... b4 18. Na4 Bb5 19. Be3 Qe6 (19... Rad8 $14) 20. dxe5 $16 Nxe5 {[#]} 21. Nd4 $1 {[%cal Rd4e6]} Qc4 {[#] und nun wäre ...Dxc2 stark für Schwarz.} 22. Qb1 $1 Bxa4 23. b3 Qa6 24. bxa4 Bc5 25. f4 $36 {[%mdl 2048] Läuft bei Weiss.} Nc4 26. Bg1 Rad8 27. Qc1 Rd7 {Die Idee ist ...Ted8.} 28. Bf1 Red8 (28... Qb6 $16) 29. Bxc4 $18 Qb6 {[%cal Rc5d4]} 30. e5 Bxd4 31. Rxd4 ({Vergiftet wäre} 31. exf6 $2 Bxg1+ 32. Kh1 Qf2 $19) ({Schwächer ist} 31. Bxd4 Rxd4 32. Qe3 Qc5 $15) 31... Rxd4 32. exf6 {zielt auf Te2 ab.} Rd2+ 33. Re2 Rxe2+ 34. Bxe2 c5 35. fxg7 ({Nicht} 35. Bxc5 Qxf6 36. Qc4 Qb2 $11) 35... Qe6 (35... Qd6 $142) 36. Bc4 Qd6 37. Qb1 $2 (37. Be3 $18) 37... Qd2+ $1 $11 38. Kh1 Qd7 $1 {[%cal Rd7b7]} 39. Kh2 {Und weiter mit Dg6 wäre nett.} Qd2+ 40. Kh1 Qd7 $1 {[%cal Rd7b7]} 41. Kh2 {Droht stark Dg6.} Qd2+ {Precision: Weiß = 67%, Schwarz = 45%.} 1/2-1/2

[Event "8th RTU Open 2018"]
[Site "Riga"]
[Date "2018.08.09"]
[Round "6"]
[White "Hovhannisyan, Robert"]
[Black "Meskovs, Nikita"]
[Result "1/2-1/2"]
[WhiteElo "2608"]
[BlackElo "2524"]
[Annotator "TA"]
[PlyCount "41"]
[EventDate "2018.08.06"]
[EventType "swiss"]
[EventCountry "LAT"]
[SourceTitle "playchess.com"]
[Source "ChessBase"]
[SourceQuality "1"]

{[%evp 25,41,21,42,-52,-55,-31,-36,-41,-70,-100,-85,-90,0,0,0,-90,0,0]} 1. e4 e5 2. Nf3 Nc6 3. Bb5 {[%cal Bf1b5,Bb5a4,Ba4b3,Bb3c2][%mdl 32]} a6 4. Ba4 Nf6 5. O-O Nxe4 6. d4 b5 7. Bb3 d5 8. dxe5 Be6 9. Be3 Be7 10. c3 Nc5 {[%cal Be4c5,Bc5d7,Bd7f6][%mdl 32]} 11. Bc2 Nd7 12. Nd4 {C83: Open Ruy Lopez: 9 c3 Be7} (12. Bf4 g5 13. Be3 Ndxe5 14. Nxe5 Nxe5 15. Bd4 Bf6 16. a4 b4 17. cxb4 Nc6 18. Bc5 Be7 19. Re1 Rb8 {0-1 (36) Motylev,A (2658)-Khairullin,I (2662) Chita 2015}) 12... Ncxe5 13. f4 Nc4 {LiveBook: 3 Games} 14. Bc1 $146 (14. Bf2 $14 Nf6 15. Nc6) ({Predecessor:} 14. Bf2 Nb8 15. Nxe6 fxe6 16. Qh5+ Kd7 17. a4 bxa4 18. Re1 Bf6 19. Rxa4 Nd6 20. Nd2 Nc6 21. Nb3 Nb7 22. c4 d4 23. Be4 {1-0 (23) Ali Marandi,C (2372)-Kanmazalp,O (2423) Kemer 2014}) 14... Nf6 $1 $15 15. b3 Nd6 16. Nc6 Qd7 17. Ne5 Qc8 18. Nc6 Qd7 19. Ne5 $1 {[%cal Re5d7]} Qc8 20. Nc6 Qd7 (20... Bf8 $17 21. Nd2 (21. f5 Nxf5 22. Bxf5 Bxf5 $17) 21... Nf5 22. Bxf5 Bxf5 23. Re1+ Be4 24. Nxe4 dxe4) 21. Ne5 $1 1/2-1/2

[Event "8th RTU Open 2018"]
[Site "Riga"]
[Date "2018.08.09"]
[Round "6"]
[White "Smirin, Ilia"]
[Black "Quillan, Gary"]
[Result "1/2-1/2"]
[WhiteElo "2602"]
[BlackElo "2349"]
[Annotator "TA"]
[PlyCount "85"]
[EventDate "2018.08.06"]
[EventType "swiss"]
[EventCountry "LAT"]
[SourceTitle "playchess.com"]
[Source "ChessBase"]
[SourceQuality "1"]

{[%evp 14,85,27,16,41,36,45,29,23,29,30,20,18,18,18,18,32,11,49,52,76,32,50,12,25,28,20,33,46,55,55,56,74,50,65,63,72,67,74,67,77,46,20,35,108,108,126,125,124,127,125,107,108,102,127,99,105,98,104,104,108,85,85,88,82,83,92,85,87,81,110,0,0,0]} 1. Nf3 Nf6 2. c4 c5 3. d4 e6 4. g3 cxd4 5. Nxd4 Bb4+ 6. Bd2 {[%cal Bc1d2,Bd2a5,Ba5c3,Bc3d4][%mdl 32]} Bc5 7. Nb3 {A32: Symmetrical English: 2 Nf3 Nf6 3 d4 cxd4 4 Nxd4 e6} Be7 8. Bg2 {LiveBook: 38 Games. Threatening Ba5.} d5 9. cxd5 {White is slightly better.} exd5 10. Ba5 b6 $146 ({Predecessor:} 10... Qd6 11. Nc3 Nc6 12. Nb5 Qd7 13. Bc3 O-O 14. O-O {0-1 (52) Bayona,M (2043)-Cruz,C (2503) Lima 2012}) 11. Bc3 Bb7 12. O-O Nbd7 {[%cal Bb8d7,Bd7c5,Bc5e6][%mdl 32]} 13. Nd4 O-O 14. Nf5 Re8 15. Bd4 Nc5 16. Nc3 Qd7 17. Bh3 {[#] Hoping for Bxc5.} Ne6 18. Rc1 Qd8 19. Nxe7+ Qxe7 20. e3 Rad8 21. Qa4 Nxd4 22. Qxd4 Ne4 23. Rfd1 h5 24. Nb5 {[#] Black must now prevent Rc7.} Ng5 25. Bg2 Ne6 26. Qe5 h4 27. Bxd5 Bxd5 28. Rxd5 Qb4 (28... Rxd5 $14 29. Qxd5 Rd8) 29. Nd6 $16 hxg3 30. hxg3 Ng5 31. Qxg5 ({Don't play} 31. Nxe8 $6 Nf3+ 32. Kf1 Nxe5 $11) 31... Rxd6 32. Rxd6 Qxd6 {[%mdl 4096] Endgame KQR-KQR} 33. Qb5 Re5 34. Rc8+ Kh7 35. Qa4 Rh5 36. Qg4 g6 37. Qf3 Rf5 38. Qe2 Rh5 39. e4 Qd7 40. Rc3 Kg7 41. a3 Qe6 42. Qf3 ({Much worse is} 42. g4 $6 Rh4 $14) (42. Rc7 $16) 42... Qa2 $1 $11 {[%cal Ra2b1] ( -> ...Qb1+)} 43. Rc1 {Precision: White = 68%, Black = 57%.} 1/2-1/2

[Event "8th RTU Open 2018"]
[Site "Riga"]
[Date "2018.08.09"]
[Round "6"]
[White "Schroeder, Jan Christian"]
[Black "Samolins, Vitalijs"]
[Result "1-0"]
[WhiteElo "2573"]
[BlackElo "2419"]
[Annotator "TA"]
[PlyCount "69"]
[EventDate "2018.08.06"]
[EventType "swiss"]
[EventCountry "LAT"]
[SourceTitle "playchess.com"]
[Source "ChessBase"]
[SourceQuality "1"]

{[%evp 13,68,16,43,37,36,40,34,29,34,32,29,27,37,27,29,4,18,25,39,39,57,31,25,29,43,33,33,33,33,33,33,33,33,33,38,19,199,225,396,369,1243,266,259,266,481,250,447,436,488,512,29994,29995,29995,29996,29997,29998,29999]} 1. e4 e5 2. Nf3 Nc6 3. Bc4 Bc5 4. O-O Nf6 5. d3 O-O 6. h3 d6 7. c3 Be6 {LiveBook: 5 Games. C54: Giuoco Piano: 4 c3 Nf6, main lines with 5 d4 and 5 d3} (7... a5 8. Re1 h6 9. Nbd2 Be6 10. b3 Ba7 11. Nf1 d5 12. exd5 Nxd5 13. Bd2 Qf6 14. N1h2 Rad8 15. Ng4 Bxg4 16. hxg4 {½-½ (27) Karjakin,S (2778)-Ding,L (2778) Shamkir 2018}) 8. Bxe6 fxe6 9. b4 Bb6 {White is slightly better.} 10. Nbd2 a6 11. Nc4 Ba7 12. a4 b5 13. Na3 Qd7 14. Qe2 $146 ({Predecessor:} 14. Re1 Ne7 15. Re2 Ng6 16. Rea2 d5 17. exd5 exd5 18. axb5 {1-0 (30) Nedoma,P (2269)-Novotny,P (2218) ICCF email 2004}) 14... Nh5 {And now ...Ng3 would win.} 15. Kh2 Rfb8 16. Bd2 Nf6 17. axb5 axb5 18. Ra2 Ne7 19. Rfa1 Bb6 20. c4 bxc4 21. Nxc4 Rxa2 22. Rxa2 Nc6 23. Nxb6 Rxb6 24. Bc3 Nxb4 $2 (24... Qe8 $11 {and Black has nothing to worry.}) 25. Ra8+ $18 Kf7 $2 {[#]} (25... Ne8 26. Bxb4 Rxb4) 26. Bxe5 $1 {[%mdl 512]} Qb5 $2 (26... Ne8 27. Ng5+ Ke7 28. Bxg7 Ra6) (26... dxe5 27. Nxe5+) 27. Bxf6 $2 (27. Ng5+ Kg6 28. Bxf6 Kxf6 29. Qh5 Nxd3 30. h4) 27... gxf6 28. Qe3 {aiming for Qh6.} Ra6 $2 (28... Rb8 29. Rxb8 Qxb8) 29. Rd8 $40 {[%mdl 128] White attacks with force.} (29. Nd4 $142 Qh5 30. Rc8) 29... Ke7 $2 (29... Nc6 {was worth a try.} 30. Rd7+ Ne7 31. Rxc7 Qb6) 30. Rg8 {Hoping for Qh6.} Kf7 31. Nd4 Qxd3 {[#]} (31... Qh5 $18) 32. Qh6 $1 {[%cal Rh6h7][%mdl 512] White mates.} Kxg8 33. Nxe6 {[%csl Ge6][%cal Rh6g7]} Kf7 34. Qf8+ Kxe6 35. Qe8# {Precision: White = 64%, Black = 31%.} 1-0

[Event "8th RTU Open 2018"]
[Site "Riga"]
[Date "2018.08.09"]
[Round "6"]
[White "Kulaots, Kaido"]
[Black "Kreisl, Robert"]
[Result "0-1"]
[WhiteElo "2554"]
[BlackElo "2404"]
[Annotator "ChessBase"]
[PlyCount "111"]
[EventDate "2018.08.06"]
[EventType "swiss"]
[EventCountry "LAT"]
[SourceTitle "playchess.com"]
[Source "ChessBase"]
[SourceQuality "1"]
[TimeControl "5400+30"]

1. c4 {[%emt 0:00:00]} e5 {[%emt 0:03:12]} 2. Nc3 {[%emt 0:00:27]} Nc6 {[%emt 0:00:04]} 3. e3 {[%emt 0:03:58]} Nf6 {[%emt 0:00:37]} 4. Nf3 {[%emt 0:01:10]} Bb4 {[%emt 0:00:24]} 5. Qc2 {[%emt 0:00:18]} Bxc3 {[%emt 0:06:32]} 6. Qxc3 {[%emt 0:00:59]} Qe7 {[%emt 0:00:07]} 7. b3 {[%emt 0:01:49]} d5 {[%emt 0:01:46]} 8. cxd5 {[%emt 0:05:36]} Nxd5 {[%emt 0:00:08]} 9. Qb2 {[%emt 0:00:22]} O-O {[%emt 0:00:50]} 10. Bc4 {[%emt 0:06:49]} Rd8 {[%emt 0:05:30]} 11. O-O {[%emt 0:07:53]} e4 {[%emt 0:08:21]} 12. Ne1 {[%emt 0:01:37]} Ne5 {[%emt 0:00:53]} 13. f3 {[%emt 0:16:01]} exf3 {[%emt 0:17:40]} 14. Nxf3 {[%emt 0:01:22]} Nxc4 {[%emt 0:01:04]} 15. bxc4 {[%emt 0:00:05]} Nb4 {[%emt 0:00:30]} 16. Qc3 {[%emt 0:11:28]} Nd3 {[%emt 0:02:25]} 17. Ba3 {[%emt 0:00:09]} c5 {[%emt 0:00:05]} 18. Ne1 {[%emt 0:03:07]} Qe4 {[%emt 0:04:22]} 19. Nxd3 {[%emt 0:00:03]} Rxd3 {[%emt 0:02:28]} 20. Qc1 {[%emt 0:00:04]} b6 {[%emt 0:01:25]} 21. Bb2 {[%emt 0:00:04]} Bb7 {[%emt 0:00:33]} 22. Rf2 {[%emt 0:00:05]} Rad8 {[%emt 0:00:28]} 23. Bc3 {[%emt 0:11:00]} R8d6 {[%emt 0:01:42]} 24. Qf1 {[%emt 0:00:05]} Rg6 {[%emt 0:00:43]} 25. Re1 {[%emt 0:00:14]} Qxc4 {[%emt 0:06:57]} 26. e4 {[%emt 0:00:47]} Ba6 {[%emt 0:01:17]} 27. Rfe2 {[%emt 0:10:37]} h6 {[%emt 0:03:47]} 28. Qf5 {[%emt 0:00:52]} Qe6 {[%emt 0:00:55]} 29. Rf2 {[%emt 0:00:38]} Bb7 {[%emt 0:00:35]} 30. a3 {[%emt 0:00:24]} Rd7 {[%emt 0:01:34]} 31. Re3 {[%emt 0:01:18]} Re7 {[%emt 0:00:26]} 32. h3 {[%emt 0:02:43]} Bxe4 {[%emt 0:04:04]} 33. Qf4 {[%emt 0:01:33]} c4 {[%emt 0:00:41]} 34. Rfe2 {[%emt 0:00:15]} f5 {[%emt 0:00:13]} 35. Kh2 {[%emt 0:00:05]} h5 {[%emt 0:04:47]} 36. Qh4 {[%emt 0:03:04]} Qf7 {[%emt 0:05:10]} 37. Rf2 {[%emt 0:01:02]} Ree6 {[%emt 0:00:45]} 38. Qd8+ {[%emt 0:01:53]} Qf8 {[%emt 0:01:25]} 39. Qh4 {[%emt 0:01:04]} Qd6+ {[%emt 0:00:42]} 40. Kg1 {[%emt 0:00:35]} Bd3 {[%emt 0:08:46]} 41. Qxh5 {[%emt 0:02:15]} Rxe3 {[%emt 0:01:33]} 42. dxe3 {[%emt 0:00:05]} Qc6 {[%emt 0:00:33]} 43. Qh4 {[%emt 0:03:59]} Be4 {[%emt 0:01:12]} 44. Qd8+ {[%emt 0:00:54]} Kh7 {[%emt 0:00:09]} 45. Qh4+ {[%emt 0:00:22]} Kg8 {[%emt 0:00:01]} 46. Qd8+ {[%emt 0:00:06]} Kh7 {[%emt 0:00:47]} 47. Qh4+ {[%emt 0:00:46]} Rh6 {[%emt 0:02:01]} 48. Qe7 {[%emt 0:00:06]} Qg6 {[%emt 0:02:06]} 49. Be5 {[%emt 0:02:00]} Rh5 {[%emt 0:00:49]} 50. Kh2 {[%emt 0:00:18]} Rg5 {[%emt 0:00:59]} 51. g3 {[%emt 0:00:10]} Qh5 {[%emt 0:00:29]} 52. Qd8 {[%emt 0:02:43]} Rg6 {[%emt 0:00:01]} 53. Bc3 {[%emt 0:00:39]} b5 {[%emt 0:00:43]} 54. h4 {[%emt 0:00:28]} Qg4 {[%emt 0:00:22]} 55. Be5 {[%emt 0:00:33]} c3 {[%emt 0:00:09]} 56. Qc7 0-1

[Event "8th RTU Open 2018"]
[Site "Riga"]
[Date "2018.08.09"]
[Round "6"]
[White "Ter Sahakyan, Samvel"]
[Black "Donchenko, Alexander"]
[Result "1/2-1/2"]
[WhiteElo "2551"]
[BlackElo "2612"]
[Annotator "TA"]
[PlyCount "47"]
[EventDate "2018.08.06"]
[EventType "swiss"]
[EventCountry "LAT"]
[SourceTitle "playchess.com"]
[Source "ChessBase"]
[SourceQuality "1"]

{[%evp 15,47,18,32,9,9,22,13,9,13,0,15,13,29,0,0,0,0,0,0,-17,-25,-22,-20,-13,0,-29,-7,-23,-33,-35,-30,-25,-34,-48]} 1. e4 c6 2. d4 d5 3. exd5 cxd5 4. Bd3 Nc6 5. c3 Qc7 6. Ne2 Bg4 7. O-O {B13: Caro-Kann (Abtausch-Variante 4.c4)} e6 (7... Nf6 8. Qe1 Bxe2 9. Qxe2 g6 10. f4 Bh6 11. Nd2 O-O 12. Qf2 e6 13. Qh4 Bg7 14. Nf3 Ne7 {1-0 (49) Piorun,K (2651)-Rodshtein,M (2699) Katowice 2017}) 8. Qe1 Nf6 {LiveBook: 12 Partien} 9. Bf4 {Weiß steht etwas besser.} Bd6 10. Bxd6 Qxd6 11. Nd2 $146 ({Vorgänger:} 11. Ng3 O-O 12. Na3 Rfe8 13. Qd2 e5 14. dxe5 Nxe5 15. Nc2 Rad8 16. Nd4 Nc4 17. Qc2 Qf4 {1-0 (17) Tukhaev,A (2551)-Anand,N (2368) Kolkata 2018}) 11... Bh5 12. f4 Ne7 13. Ng3 {[#] Schwarz muss nun De5 beachten.} Bg6 $1 {[%cal Rg6d3]} 14. f5 exf5 15. Nxf5 Bxf5 16. Bxf5 O-O 17. Qh4 Nxf5 18. Rxf5 Rae8 19. Raf1 Re6 20. Nf3 {[#] Und weiter mit Sg5 wäre nett.} g6 21. Rf4 {Sg5 ist eine echte Drohung.} Ne4 $1 22. Ng5 Nxg5 23. Qxg5 f6 24. Qg4 {Precision: Weiß = 25%, Schwarz = 68%.} 1/2-1/2

[Event "8th RTU Open 2018"]
[Site "Riga"]
[Date "2018.08.09"]
[Round "6"]
[White "Praggnanandhaa, R."]
[Black "Chekletsov, Ilya"]
[Result "1/2-1/2"]
[WhiteElo "2532"]
[BlackElo "2379"]
[Annotator "TA"]
[PlyCount "61"]
[EventDate "2018.08.06"]
[EventType "swiss"]
[EventCountry "LAT"]
[SourceTitle "playchess.com"]
[Source "ChessBase"]
[SourceQuality "1"]

{[%evp 15,61,26,23,14,10,14,8,6,12,8,31,-25,-6,-40,0,-18,32,0,13,0,7,5,12,0,4,4,13,-25,0,-74,-57,-58,-90,-95,-50,-164,0,-151,-160,-665,-347,-292,0,-650,0,-275,0,-612]} 1. Nf3 Nf6 2. g3 b6 3. Bg2 Bb7 4. O-O e6 5. d3 d5 6. Nbd2 Nbd7 7. b3 Bc5 {A05: Réti Opening: 1 Nf3 Nf6} 8. Bb2 O-O {LiveBook: 5 Games} 9. a3 a5 {[#]} 10. e4 $146 {[%mdl 512]} ({Predecessor:} 10. c4 Qe7 11. Qc2 Rfe8 12. e3 Rac8 13. cxd5 exd5 14. b4 axb4 15. axb4 Bxb4 {1-0 (34) Minasian,A (2620)-Nogueiras Santiago,J (2510) Linares 1999}) 10... dxe4 11. Ng5 {[%cal Rg5e4]} Be7 12. Ngxe4 Rb8 13. f4 (13. Qe2 $14) 13... Nxe4 14. dxe4 (14. Bxe4 {looks sharper.} Bf6 15. Qc1 Bd5 16. Bf3 Qe7 17. Ne4) 14... Re8 15. Qe2 (15. Nc4 {with more complications.} e5 16. fxe5 Ba6 17. Kh1 Bxc4 18. bxc4 Bc5 19. e6) 15... Bf8 16. Rad1 Qe7 {White should prevent ...Qc5+.} 17. Nf3 Rbd8 18. e5 Nb8 {[%cal Bd7b8,Bb8c6,Bc6e7][%mdl 32]} 19. Kh1 Rxd1 20. Rxd1 Rd8 21. Re1 Qd7 22. g4 (22. Ng5 $11 Bxg2+ 23. Kxg2) 22... Bc5 23. Ra1 Nc6 24. Qe1 Qc8 25. Qh4 ({White should play} 25. Rd1 $15) 25... Qd7 $2 ({Black should try} 25... Ne7 $1 $19 {aiming for ...Nd5.} 26. Rf1 Nd5) 26. Qh3 $2 ({Wrong is} 26. Ng5 $2 Qd1+ $3 {[%mdl 512]} 27. Qe1 Qxc2 $19) ({White has to play} 26. Qe1 $1 $11) 26... Ne7 $17 27. Re1 $2 (27. Ne1 $17 Bc6 28. Nd3) 27... Bf2 28. Rf1 {[#]} Bc5 $2 (28... Qd1 $1 {[%mdl 512]} 29. f5 (29. Rxd1 Rxd1+) 29... exf5 $1 {[%mdl 512]} 30. gxf5 Qe2) 29. Re1 $1 $19 {[#]} Bf2 (29... Qd1 $142 $3 {[%mdl 512]} 30. Rf1 (30. Rxd1 $2 Rxd1+ 31. Bf1 Ng6 $19) 30... Qxc2) 30. Rf1 {[#]} Bc5 $2 (30... Qd1 $1 {[%mdl 512]} 31. Bc1 (31. Rxd1 Rxd1+) 31... Qxc2) 31. Re1 $1 {[%mdl 32768] Precision: White = 33%, Black = 33%. . An unexpected result.} 1/2-1/2